000
00273nam a2200121 a 4500
008
101208s1972|||| d
100
1
_a
Šimek, Jaroslav
245
1
0
_a
Fotografické postupy
260
_b
Práce
_a
Praha
_c
1972
020
_c
28
041
_a
ces
044
_a
CZ
999
_c
14927
_d
14927